| 000 | 00757cab a2200193 4500 | ||
|---|---|---|---|
| 001 | ABS39684 | ||
| 008 | 090401t1988 xxu||||| |||| 00| 0 eng d | ||
| 035 | _a(Sirsi) u18274 | ||
| 041 | _aeng | ||
| 100 | _aComyn, C. | ||
| 245 | _aChancellor`s fiscal fillip for residential | ||
| 260 | _c1988 | ||
| 350 | _a0 | ||
| 490 |
_aEstates Times _v(958) 19 August 1988, 10(1) |
||
| 520 | _aDiscusses the Government`s plans to stimulate the private rented sector s interest in residential property by extending the Business Expansion Scheme (BES) relief to those individuals who invest in companies which invest in such property. Looking in detail at the relevant sections of the Finance Act 1988 . | ||
| 690 | _aTAXATION | ||
| 942 | _n0 | ||
| 948 | _c04/03/1997 | ||
| 999 |
_c12130 _d12130 |
||